00222 a2200109 4500001000700000020000600007040001100013100000600024240003900030245003400069362000900103161701 a  cMagnum a-10aBelo horizonte - dados geraislpor10aBelo horizonte - dados gerais0 a1899